000 00637nam a2200229 i 4500
001 C2-0252260
003 PPAK
005 20180727215452.0
008 031109s1967 my a|||| ||||| | may d
040 _aPPAK
_beng
_cPPAK
_erda
082 0 4 _a959.5
_223
090 0 0 _a959.5
_bMAL
_dKK
245 0 0 _aMalaysia dari segi sejarah
264 1 _aKuala Lumpur :
_bDewan Bahasa dan Pustaka ,
_c1967
300 _a43 pages :
_billustrations ;
_c24 cm
336 _2rdacontent
_atext
337 _2rdamedia
_aunmediated
338 _2rdacarrier
_avolume
500 _aBuku No. 4
650 1 0 _aMalaysia - History - Periodicals
942 _ddc
_cB
999 _c65306
_d65306